[Event "U.S. Open"]
[Site "?"]
[Date "1992.08.12"]
[Round "10.91"]
[White "McGrath, Michael"]
[Black "Aldrich, Jeff"]
[Result "0-1"]
[WhiteElo "1442"]
[BlackElo "1951"]
[PlyCount "70"]
[EventDate "1992.??.??"]

1. e4 c6 2. d4 d5 3. exd5 cxd5 4. c4 Nf6 5. c5 Nc6 6. Bb5 Bd7 7. Nf3 Qa5+ 8.
Nc3 Ne4 9. Bxc6 Bxc6 10. Qb3 e6 11. O-O Nxc3 12. bxc3 Be7 13. Rb1 Rb8 14. Bf4
Rc8 15. Rfe1 O-O 16. Re2 Bd8 17. Reb2 Bc7 18. Bd2 Qa6 19. Re1 Rb8 20. Qc2 h6
21. Qc1 Qd3 22. Re3 Qf5 23. Nh4 Qg4 24. Nf3 f6 25. h3 Qf5 26. g4 Qg6 27. Rxe6
Bd7 28. Nh4 Qf7 29. Re2 f5 30. f3 fxg4 31. fxg4 Qf6 32. g5 Qa6 33. Re7 Bxh3 34.
gxh6 Qf1+ 35. Qxf1 Rxf1# 0-1

[Event "U.S. Open"]
[Site "Dearborn, Mich."]
[Date "1992.08.13"]
[Round "11"]
[White "Moody, David"]
[Black "Ruhlmann, Max"]
[Result "1/2-1/2"]
[WhiteElo "2000"]
[BlackElo "1796"]
[PlyCount "29"]
[EventDate "1992.08.02"]

1. e4 c5 2. c3 Nf6 3. e5 Nd5 4. d4 cxd4 5. cxd4 d6 6. Nf3 Nc6 7. exd6 Qxd6 8.
Na3 g6 9. Nb5 Qd8 10. Bc4 Nb6 11. Bb3 Bg7 12. Bf4 O-O 13. Nc7 Rb8 14. Nb5 Ra8
15. Nc7 1/2-1/2

[Event "U.S. Open"]
[Site "?"]
[Date "1992.08.13"]
[Round "11.61"]
[White "Aldrich, Jeff"]
[Black "Oberweiser, Don"]
[Result "1-0"]
[WhiteElo "1951"]
[BlackElo "2075"]
[PlyCount "51"]
[EventDate "1992.??.??"]

1. d4 Nf6 2. c4 e6 3. Nc3 Bb4 4. Qc2 c5 5. Nf3 b6 6. e3 Bb7 7. dxc5 bxc5 8. Bd2
O-O 9. Bd3 h6 10. Rd1 d5 11. a3 Bxc3 12. Bxc3 Nbd7 13. O-O Qc7 14. Qe2 e5 15.
Bf5 d4 16. exd4 exd4 17. Bd2 Rfe8 18. Qd3 Qc6 19. Bf4 g5 20. Bg3 h5 21. Bxd7
Nxd7 22. Qf5 g4 23. Nh4 Re6 24. Qxh5 Rg6 25. f3 Nf6 26. Nxg6 1-0

[Event "Laser Mini-Swiss.B"]
[Site "?"]
[Date "1992.08.14"]
[Round "1"]
[White "Thomas, Henry"]
[Black "Aldrich, Jeff"]
[Result "0-1"]
[WhiteElo "1767"]
[BlackElo "1951"]
[PlyCount "47"]
[EventDate "1992.??.??"]

1. e4 c6 2. d4 d5 3. exd5 cxd5 4. c4 Nf6 5. c5 Nc6 6. Nc3 e6 7. Nf3 Bd7 8. Bb5
Be7 9. Bxc6 Bxc6 10. b4 Ne4 11. Nxe4 dxe4 12. Ne5 Bd5 13. O-O O-O 14. f3 exf3
15. Nxf3 Bf6 16. Ne5 Rc8 17. Qg4 Bxe5 18. dxe5 Kh8 19. Be3 f6 20. exf6 Rxf6 21.
Bd4 Rg6 22. Qh3 Rxg2+ 23. Qxg2 Bxg2 24. Kxg2 0-1

[Event "Laser Mini-Swiss.B"]
[Site "?"]
[Date "1992.08.14"]
[Round "2"]
[White "Skidmore, Mike"]
[Black "Aldrich, Jeff"]
[Result "0-1"]
[WhiteElo "1990"]
[BlackElo "1951"]
[PlyCount "68"]
[EventDate "1992.??.??"]

1. e4 c6 2. d4 d5 3. e5 Bf5 4. Nd2 e6 5. Ne2 Ne7 6. Ng3 Bg6 7. Be2 Nd7 8. O-O
c5 9. c3 Nc6 10. Nb3 Rc8 11. f4 cxd4 12. cxd4 Qb6 13. Kh1 Ne7 14. Bg4 Bc2 15.
Qf3 g6 16. Be3 h5 17. Bh3 h4 18. Ne2 Be4 19. Qf2 Nf5 20. Nc3 Bd3 21. Rfd1 Bc4
22. Na4 Qd8 23. Nac5 Nxc5 24. Nxc5 Bxc5 25. dxc5 Nxe3 26. Qxe3 Qa5 27. b3 Ba6
28. Rdc1 Ke7 29. a3 b6 30. b4 Qb5 31. c6 Rxc6 32. Rxc6 Qxc6 33. Rc1 Qb7 34. g3
d4+ 0-1

[Event "U.S. Open"]
[Site "Dearborn, Mich."]
[Date "1992.08.14"]
[Round "12"]
[White "Cohen, Jason"]
[Black "Moody, David"]
[Result "1-0"]
[WhiteElo "1835"]
[BlackElo "2000"]
[PlyCount "41"]
[EventDate "1992.08.02"]

1. d4 Nf6 2. Nf3 g6 3. Bf4 Bg7 4. c3 O-O 5. Nbd2 d6 6. h3 Nbd7 7. e4 Re8 8. e5
dxe5 9. dxe5 Nd5 10. Bg3 Nc5 11. Bc4 Bf5 12. Nb3 Nxb3 13. Qxb3 e6 14. Rd1 c6
15. Qxb7 Rb8 16. Qxc6 Rxb2 17. O-O Be4 18. Bxd5 Bxd5 19. Qd6 Rxa2 20. Qxd8 Rxd8
21. c4 1-0

[Event "U.S. Open"]
[Site "?"]
[Date "1992.08.14"]
[Round "12.35"]
[White "Beaver, Andrew"]
[Black "Aldrich, Jeff"]
[Result "1-0"]
[WhiteElo "2142"]
[BlackElo "1951"]
[PlyCount "77"]
[EventDate "1992.??.??"]

1. c4 Nf6 2. Nc3 e6 3. e4 d6 4. d4 b6 5. g3 Bb7 6. Bg2 Be7 7. Nge2 Nbd7 8. f4
c5 9. d5 O-O 10. Bh3 Kh8 11. Qd3 exd5 12. exd5 Re8 13. O-O Bc8 14. Kg2 Nf8 15.
Bxc8 Qxc8 16. h3 Ng6 17. Ng1 Bf8 18. Bd2 Qd7 19. Rae1 Rxe1 20. Rxe1 Re8 21.
Rxe8 Qxe8 22. Nf3 Qd7 23. f5 Ne7 24. g4 h5 25. g5 Ne8 26. Nh4 Kh7 27. Qf3 g6
28. fxg6+ Nxg6 29. Qxh5+ Kg7 30. Ne4 Nxh4+ 31. Qxh4 Qf5 32. Bc3+ f6 33. gxf6+
Kg6 34. Qg3+ Kh5 35. Qe3 Kg6 36. Qe2 Bh6 37. Ng3 Qd7 38. Qh5+ Kh7 39. Nf5 1-0

[Event "Laser Mini-Swiss.B"]
[Site "?"]
[Date "1992.08.14"]
[Round "3"]
[White "Aldrich, Jeff"]
[Black "Skidmore, Jennifer"]
[Result "1-0"]
[WhiteElo "1951"]
[BlackElo "1925"]
[PlyCount "119"]
[EventDate "1992.??.??"]

1. d4 d5 2. c4 e6 3. Nc3 c6 4. Nf3 dxc4 5. e3 b5 6. a4 Bb4 7. Ne5 Qe7 8. Qg4 g6
9. Bd2 Bxc3 10. Bxc3 Bb7 11. d5 Nf6 12. Qf3 Nxd5 13. Nxg6 hxg6 14. Bxh8 Qb4+
15. Kd1 Qb3+ 16. Kc1 Nd7 17. Ra3 Qb4 18. e4 N5b6 19. Bc3 Qe7 20. axb5 cxb5 21.
Bd4 a6 22. Qe3 Qd6 23. Be2 e5 24. Bxb6 Nxb6 25. Rd1 Qc6 26. f3 Na4 27. Rd5 f6
28. Qh6 g5 29. Qh8+ Ke7 30. Qg7+ Ke6 31. Kb1 Nb6 32. Rd1 b4 33. Ra5 Rc8 34.
Rad5 c3 35. Rd6+ Qxd6 36. Rxd6+ Kxd6 37. Qxb7 Rc6 38. Bxa6 c2+ 39. Kc1 Kc5 40.
Qe7+ Rd6 41. Kxc2 Na4 42. Bb5 Nb6 43. Qc7+ Kxb5 44. Qxd6 Na4 45. Qxf6 Nc5 46.
Qxe5 Kc4 47. b3+ Kb5 48. Qd5 g4 49. Qc4+ Kc6 50. fxg4 Kb7 51. Qxb4+ Kc6 52. Qc4
Kb6 53. Kc3 Nxe4+ 54. Qxe4 Kb5 55. Qd5+ Kb6 56. Kc4 Ka7 57. Qb5 Ka8 58. Kc5 Ka7
59. Kc6 Ka8 60. Qb7# 1-0

[Event "Okemos Micro-Swiss (September)"]
[Site "Okemos, Mich."]
[Date "1992.09.27"]
[Round "2"]
[White "Stigter, John"]
[Black "Moody, David"]
[Result "1-0"]
[WhiteElo "2084"]
[BlackElo "2000"]
[PlyCount "51"]
[EventDate "1992.09.27"]

1. e4 e5 2. Nf3 Nc6 3. d4 exd4 4. Bc4 Nf6 5. O-O Bc5 6. e5 d5 7. exf6 dxc4 8.
Re1+ Be6 9. Ng5 Qd5 10. Nc3 Qf5 11. Nce4 O-O-O 12. g4 Qe5 13. Nxe6 fxe6 14.
fxg7 Rhg8 15. Bh6 d3 16. c3 d2 17. Re2 Rd3 18. Qf1 Qd5 19. Rd1 Ne5 20. Nf6 Nf3+
21. Kh1 Nxh2+ 22. Nxd5 Nxf1 23. Nf6 Rh3+ 24. Kg2 Rxh6 25. Nxg8 Rh2+ 26. Kg1 1-0

[Event "Okemos Micro-Swiss (September)"]
[Site "Okemos, Mich."]
[Date "1992.09.27"]
[Round "1"]
[White "Moody, David"]
[Black "Decker, Dale"]
[Result "1-0"]
[WhiteElo "2000"]
[BlackElo "1875"]
[PlyCount "89"]
[EventDate "1992.09.27"]

1. e4 d5 2. Nc3 dxe4 3. Nxe4 Bf5 4. Ng3 Bg6 5. h4 h5 6. Nf3 Nf6 7. Ne5 Be4 8.
Nxe4 Nxe4 9. Bc4 e6 10. Qe2 Nd6 11. Bb3 Nd7 12. d4 Be7 13. Bf4 Bxh4 14. g3 Bg5
15. Rxh5 Rxh5 16. Qxh5 Bxf4 17. gxf4 Qf6 18. d5 O-O-O 19. Nxf7 Nxf7 20. dxe6
Nh6 21. exd7+ Rxd7 22. Qe8+ Rd8 23. Qe6+ Qxe6+ 24. Bxe6+ Kb8 25. Rd1 Re8 26.
Kf1 a6 27. f5 Rf8 28. Rd7 Nxf5 29. Bxf5 Rxf5 30. Rxg7 Rc5 31. c3 Ra5 32. a3 Rb5
33. b4 Rf5 34. Kg2 c5 35. Kg3 cxb4 36. cxb4 a5 37. Rg4 axb4 38. axb4 Kc7 39.
Rd4 Kc6 40. f4 Kb5 41. Kg4 Rf8 42. f5 Kc6 43. Kg5 Rg8+ 44. Kh6 Kc7 45. f6 1-0

[Event "St. Joseph Swiss (October)"]
[Site "St. Joseph, Mich."]
[Date "1992.10.03"]
[Round "2"]
[White "Moody, David"]
[Black "Vigtel, Harvey"]
[Result "1-0"]
[WhiteElo "2013"]
[BlackElo "1650"]
[PlyCount "65"]
[EventDate "1992.10.03"]

1. e4 Nf6 2. Nc3 d5 3. e5 Ne4 4. Nce2 e6 5. d4 h6 6. h4 Be7 7. g3 c5 8. f3 Nxg3
9. Nxg3 Bxh4 10. N1e2 Nc6 11. c3 b6 12. Be3 Bd7 13. Bf2 Bg5 14. f4 Be7 15. Bg2
Na5 16. Qd3 Qc7 17. f5 Nc4 18. b3 Na3 19. c4 cxd4 20. fxe6 Bxe6 21. cxd5 Nc2+
22. Kf1 Nxa1 23. dxe6 Rc8 24. exf7+ Kxf7 25. Bd5+ Ke8 26. Qg6+ Kd8 27. Nxd4
Qc1+ 28. Kg2 Qc3 29. Nc6+ Rxc6 30. Bxc6 Qxe5 31. Rxa1 Bd6 32. Re1 Qc3 33. Qxd6+
1-0

[Event "St. Joseph Swiss (October)"]
[Site "St. Joseph, Mich."]
[Date "1992.10.03"]
[Round "1"]
[White "Higgins, Richard"]
[Black "Moody, David"]
[Result "0-1"]
[WhiteElo "1418"]
[BlackElo "2013"]
[PlyCount "42"]
[EventDate "1992.10.03"]

1. e4 e5 2. Nf3 Nc6 3. Bc4 Nf6 4. c3 Nxe4 5. O-O d5 6. Bb5 Bd6 7. Bxc6+ bxc6 8.
d4 Bg4 9. Nbd2 Nxd2 10. Bxd2 e4 11. Re1 O-O 12. h3 Bxf3 13. gxf3 f5 14. f4 Qh4
15. Kg2 Rf6 16. Rh1 Rg6+ 17. Kf1 Bxf4 18. Bxf4 Qxf4 19. Qe2 Re8 20. f3 Rg3 21.
Kf2 Rxf3+ 0-1

[Event "St. Joseph Swiss (October)"]
[Site "St. Joseph, Mich."]
[Date "1992.10.03"]
[Round "4"]
[White "Gabbara, Faris"]
[Black "Moody, David"]
[Result "0-1"]
[WhiteElo "2176"]
[BlackElo "2013"]
[PlyCount "146"]
[EventDate "1992.10.03"]

1. e4 e5 2. Nf3 Nc6 3. Bb5 a6 4. Bxc6 dxc6 5. d4 exd4 6. Qxd4 Qxd4 7. Nxd4 Bd6
8. Nc3 Ne7 9. Be3 Bd7 10. O-O O-O-O 11. Nb3 Rhe8 12. Rad1 Ng6 13. f4 Bb4 14.
Nc5 Bg4 15. Rxd8+ Rxd8 16. h3 Bxc3 17. bxc3 Be2 18. Rf2 Rd1+ 19. Kh2 Bc4 20.
Nb3 Re1 21. Bd4 Bxb3 22. cxb3 Rxe4 23. Bxg7 Rxf4 24. Rd2 Rf5 25. c4 h5 26. g4
hxg4 27. hxg4 Ne5 28. gxf5 Nf3+ 29. Kg3 Nxd2 30. Kf4 Kd7 31. Bc3 Nb1 32. Bb2 b5
33. Ke3 c5 34. Kd3 b4 35. Kc2 Nc3 36. a4 Kd6 37. Bc1 Ke5 38. Kd3 Kxf5 39. Be3
Ne4 40. Bg1 c6 41. Bh2 Ng5 42. Ke3 Ne6 43. Bd6 f6 44. Be7 Ke5 45. Kd3 f5 46.
Ke3 f4+ 47. Kd3 Kf5 48. Bd6 Kg4 49. Ke4 f3 50. Ke3 Ng5 51. Bxc5 f2 52. Ke2 Ne4
53. Bxb4 Kg3 54. Be1 fxe1=Q+ 55. Kxe1 Kf3 56. b4 Ke3 57. b5 cxb5 58. cxb5 a5
59. b6 Nc5 60. Kd1 Kd3 61. Kc1 Kc3 62. Kb1 Kb3 63. Ka1 Kxa4 64. Ka2 Kb5 65. b7
Nxb7 66. Ka3 a4 67. Kb2 Kb4 68. Ka2 a3 69. Kb1 Kb3 70. Ka1 Nd6 71. Kb1 Nb5 72.
Ka1 Nd4 73. Kb1 a2+ 0-1

[Event "St. Joseph Swiss (October)"]
[Site "St. Joseph, Mich."]
[Date "1992.10.03"]
[Round "3"]
[White "Carr, Jay"]
[Black "Moody, David"]
[Result "0-1"]
[WhiteElo "1788"]
[BlackElo "2013"]
[PlyCount "108"]
[EventDate "1992.10.03"]

1. c4 e5 2. Nc3 Nc6 3. g3 g6 4. Bg2 Bg7 5. e3 Nge7 6. Nge2 O-O 7. O-O d6 8. d4
exd4 9. exd4 Bg4 10. f3 Bd7 11. Be3 Nf5 12. Bf2 Re8 13. d5 Nb8 14. Rc1 Ne3 15.
Bxe3 Rxe3 16. Qd2 Re8 17. Rfe1 Na6 18. Nd4 Qf6 19. Nde2 Nc5 20. b4 Na4 21. Nxa4
Bxa4 22. Nc3 Rxe1+ 23. Qxe1 Qd4+ 24. Qf2 Qxc4 25. Ne2 Qxa2 26. Rxc7 Re8 27. Bf1
Qxd5 28. Nf4 Qd1 29. Kg2 Bc6 30. Bc4 Bd4 31. Qf1 Qc2+ 32. Kh3 Qf5+ 33. Kg2 d5
34. Bd3 Qe5 35. Rxc6 bxc6 36. h4 Qe3 37. Ba6 Qd2+ 38. Kh3 Re1 39. Qg2 Qxb4 40.
Nd3 Qa3 41. Nxe1 Qxa6 42. g4 Qc4 43. Qg3 Qf1+ 44. Kh2 Qf2+ 45. Qxf2 Bxf2 46.
Nd3 Bxh4 47. Nb4 a5 48. Nxc6 a4 49. Kg2 Be1 50. Kf1 a3 51. Nd4 a2 52. Nc2 Bc3
53. Ke2 a1=Q 54. Nxa1 Bxa1 0-1

[Event "Lansing Mini-Swiss (October)"]
[Site "Lansing, Mich."]
[Date "1992.10.11"]
[Round "2"]
[White "Straub, Frank"]
[Black "Moody, David"]
[Result "1-0"]
[WhiteElo "1840"]
[BlackElo "2013"]
[PlyCount "107"]
[EventDate "1992.10.11"]

1. d4 Nf6 2. c4 c5 3. e3 d5 4. Nc3 e6 5. Nf3 Nc6 6. Bd3 dxc4 7. Bxc4 cxd4 8.
exd4 Be7 9. O-O O-O 10. Re1 b6 11. Be3 Bb7 12. Qe2 Rc8 13. a3 Na5 14. Ba2 Nd5
15. Bd2 Bf6 16. Ne4 Rc2 17. b4 Nc6 18. Qd3 Rxa2 19. Rxa2 Nc7 20. Nxf6+ Qxf6 21.
Bg5 Qg6 22. Qxg6 hxg6 23. Rc2 Nb5 24. Rec1 Nbxd4 25. Nxd4 Nxd4 26. Rb2 f6 27.
Be3 e5 28. Rc7 Rf7 29. Rxf7 Kxf7 30. Bxd4 exd4 31. Rd2 Ke6 32. Rxd4 Bd5 33. f4
b5 34. Kf2 Kd6 35. Ke3 Ke6 36. g3 a6 37. Rd2 Kd6 38. Kd4 Kc6 39. Rc2+ Bc4 40.
Rc3 Kd6 41. Re3 Be6 42. Rc3 Bc4 43. a4 Be6 44. axb5 axb5 45. Ra3 g5 46. fxg5
fxg5 47. Ra6+ Ke7 48. Ke5 Bd7 49. Rg6 g4 50. Rxg7+ Ke8 51. Kf6 Kd8 52. Ke5 Kc7
53. Kf4 Kd6 54. Rxd7+ 1-0

[Event "Lansing Mini-Swiss (October)"]
[Site "Lansing, Mich."]
[Date "1992.10.11"]
[Round "3"]
[White "Moody, David"]
[Black "June, Brian"]
[Result "1-0"]
[WhiteElo "2013"]
[BlackElo "1884"]
[PlyCount "81"]
[EventDate "1992.10.11"]

1. Nc3 g6 2. e4 c5 3. d4 cxd4 4. Qxd4 Nf6 5. Bg5 Nc6 6. Qd2 Bg7 7. Nf3 O-O 8.
O-O-O Qa5 9. h4 a6 10. h5 Ng4 11. hxg6 fxg6 12. Bc4+ Kh8 13. Rxh7+ Kxh7 14.
Rh1+ Nh6 15. Bxh6 e6 16. Bxg7+ Kxg7 17. Qh6+ Kf7 18. Ng5+ Ke8 19. Qxg6+ Kd8 20.
Qg7 Qc5 21. Nxe6+ dxe6 22. Rd1+ Ke8 23. Qg6+ Rf7 24. Bxe6 Bxe6 25. Qxe6+ Qe7
26. Qg6 Qf6 27. Qg8+ Rf8 28. Qh7 Qf4+ 29. Kb1 Rd8 30. Nd5 Rxd5 31. exd5 Qd6 32.
Qh5+ Rf7 33. dxc6 Qxc6 34. Qh8+ Ke7 35. Re1+ Kd7 36. Qe8+ Kc7 37. Qxf7+ Kb8 38.
Qf4+ Ka8 39. Qe4 Qc5 40. Qe8+ Ka7 41. Qe3 1-0

[Event "Lansing Mini-Swiss (October)"]
[Site "Lansing, Mich."]
[Date "1992.10.11"]
[Round "1"]
[White "Moody, David"]
[Black "Gaiefsky, Mike"]
[Result "1-0"]
[WhiteElo "2013"]
[BlackElo "1857"]
[PlyCount "87"]
[EventDate "1992.10.11"]

1. e4 c5 2. c3 g6 3. d4 cxd4 4. cxd4 Nf6 5. Nc3 d6 6. Bc4 Bg7 7. Nf3 O-O 8. O-O
a6 9. Qe2 b5 10. Bb3 Bb7 11. e5 dxe5 12. dxe5 Nd5 13. Nxd5 Bxd5 14. Rd1 e6 15.
Bg5 Bxf3 16. Qxf3 Qxg5 17. Qxa8 Bxe5 18. Rab1 Nd7 19. Qxa6 Nc5 20. Qxb5 Ne4 21.
Qe2 Nf6 22. Rbc1 Bxh2+ 23. Kxh2 Ng4+ 24. Kg1 Qh4 25. Qf3 Qh2+ 26. Kf1 Qh1+ 27.
Ke2 Qh5 28. Rd4 Qb5+ 29. Qd3 Qg5 30. Rd1 h5 31. Qg3 Qb5+ 32. Ke1 Qa5+ 33. Kf1
Rc8 34. Qd3 Kg7 35. Rd8 Rc5 36. Qd4+ Kh6 37. f4 e5 38. fxe5 Rxe5 39. Qd2+ Kg7
40. Qxa5 Rxa5 41. R1d3 Rf5+ 42. Ke1 Re5+ 43. Kd2 Re7 44. R3d7 1-0

[Event "Trenton Action (October)"]
[Site "Trenton, Mich."]
[Date "1992.10.18"]
[Round "3"]
[White "Vaughn, Gerald"]
[Black "Moody, David"]
[Result "0-1"]
[WhiteElo "1400"]
[BlackElo "2013"]
[PlyCount "64"]
[EventDate "1992.10.18"]

1. e4 e5 2. Nf3 Nc6 3. Bb5 a6 4. Ba4 Nf6 5. O-O Be7 6. Re1 b5 7. Bb3 O-O 8. h3
Bb7 9. c3 d5 10. Qc2 dxe4 11. Ng5 Bc5 12. Nxe4 Nxe4 13. Qxe4 Re8 14. Bc2 g6 15.
d3 Nd4 16. Qxb7 Nxc2 17. Qc6 Nxe1 18. Qxc5 Nc2 19. Nd2 Nxa1 20. Ne4 Qe7 21. Qc6
Qe6 22. Nf6+ Kh8 23. Qf3 Qf5 24. Qxf5 gxf5 25. Nxe8 Rxe8 26. Kf1 Nc2 27. Ke2 e4
28. d4 Kg7 29. Kd2 e3+ 30. fxe3 Nxe3 31. g4 fxg4 32. hxg4 Nxg4 0-1

[Event "Trenton Action (October)"]
[Site "Trenton, Mich."]
[Date "1992.10.18"]
[Round "1"]
[White "Uy, James"]
[Black "Moody, David"]
[Result "0-1"]
[WhiteElo "1362"]
[BlackElo "2013"]
[PlyCount "38"]
[EventDate "1992.10.18"]

1. e4 e5 2. Nf3 Nc6 3. Bb5 a6 4. Ba4 Nf6 5. O-O Be7 6. Re1 b5 7. Bb3 O-O 8. c3
d5 9. exd5 Nxd5 10. h3 Bb7 11. Nxe5 Nxe5 12. Rxe5 Nf4 13. f3 Bd6 14. Re1 Qg5
15. Re2 Bxf3 16. d4 Bxe2 17. Bxf4 Qxf4 18. Qxe2 Rae8 19. Qf3 Qc1+ 0-1

[Event "Trenton Action (October)"]
[Site "Trenton, Mich."]
[Date "1992.10.18"]
[Round "2"]
[White "Moody, David"]
[Black "Noren, Kevin"]
[Result "0-1"]
[WhiteElo "2013"]
[BlackElo "2312"]
[PlyCount "40"]
[EventDate "1992.10.18"]

1. e4 c5 2. c3 e6 3. d4 d5 4. e5 Nc6 5. Nf3 Bd7 6. a3 c4 7. Nbd2 f6 8. b3 cxb3
9. Nxb3 Qc7 10. Bf4 Nge7 11. Bg3 fxe5 12. dxe5 Ng6 13. Nbd4 Ncxe5 14. Nxe5 Nxe5
15. Qh5+ g6 16. Qxe5 Qxc3+ 17. Ke2 Qxa1 18. Qxh8 Qb2+ 19. Ke1 Rc8 20. Bf4 Rc2
0-1

[Event "Trenton Action (October)"]
[Site "Trenton, Mich."]
[Date "1992.10.18"]
[Round "4"]
[White "Moody, David"]
[Black "Grossman, Jay"]
[Result "1-0"]
[WhiteElo "2013"]
[BlackElo "1880"]
[PlyCount "79"]
[EventDate "1992.10.18"]

1. Nc3 d5 2. e4 Nf6 3. e5 Nfd7 4. e6 fxe6 5. d4 Nf6 6. Nf3 Nbd7 7. Bd3 c5 8.
Ng5 e5 9. Nxd5 Nb6 10. Nxf6+ exf6 11. Qh5+ g6 12. Bxg6+ hxg6 13. Qxh8 fxg5 14.
Qxe5+ Qe7 15. Bxg5 Qxe5+ 16. dxe5 Be7 17. Bxe7 Kxe7 18. O-O-O Be6 19. f4 Bd5
20. Rhg1 Rf8 21. g3 Rh8 22. Rd2 Ke6 23. b3 c4 24. Rgd1 cxb3 25. axb3 Bc6 26. h4
Rf8 27. Rd8 Rf7 28. R1d6+ Ke7 29. Rg8 Be4 30. Kd2 Rf8 31. Rxf8 Kxf8 32. Rf6+
Ke7 33. g4 Nd5 34. Rd6 Nb4 35. Rd4 Bxc2 36. Rxb4 Bb1 37. Rxb7+ Kd8 38. Ke3 Bc2
39. h5 gxh5 40. gxh5 1-0

[Event "Trenton Action (October)"]
[Site "Trenton, Mich."]
[Date "1992.10.18"]
[Round "5"]
[White "Helle, Frank"]
[Black "Moody, David"]
[Result "1/2-1/2"]
[WhiteElo "2105"]
[BlackElo "2013"]
[PlyCount "106"]
[EventDate "1992.10.18"]

1. d4 Nf6 2. c4 c5 3. d5 e6 4. Nc3 exd5 5. cxd5 d6 6. e4 g6 7. f4 Bg7 8. Nf3
O-O 9. Bc4 Re8 10. Qc2 Nxe4 11. Nxe4 Bf5 12. Bd3 Bxe4 13. Bxe4 Qe7 14. O-O Qxe4
15. Qb3 b6 16. Bd2 Na6 17. Rae1 Qf5 18. Qb5 Rxe1 19. Rxe1 Nb4 20. Bxb4 cxb4 21.
Qxb4 Qxd5 22. h3 Qc5+ 23. Qxc5 bxc5 24. b3 Kf8 25. Rd1 Ke7 26. Kf2 Rd8 27. Ng5
h6 28. Ne4 f5 29. Nd2 d5 30. Kf3 Kf7 31. Nc4 Bf6 32. Na5 Bd4 33. Nc6 Rd6 34.
Nxd4 cxd4 35. Rxd4 Ke6 36. Ke3 Rc6 37. Kd2 Kd6 38. b4 Ra6 39. Ke3 Rxa2 40. Kf3
Ra3+ 41. Kf2 Rc3 42. b5 Ra3 43. Rb4 Kc5 44. Rb2 d4 45. Ke2 Kc4 46. b6 axb6 47.
Rxb6 Ra2+ 48. Kf3 d3 49. Rxg6 Kc3 50. Rc6+ Kd2 51. Rxh6 Kd1 52. Rd6 d2 53. Kf2
Kc1 1/2-1/2

[Event "Okemos Micro-Swiss (October)"]
[Site "Okemos, Mich."]
[Date "1992.10.25"]
[Round "2"]
[White "Moody, David"]
[Black "Fuller, William"]
[Result "1-0"]
[WhiteElo "2013"]
[BlackElo "2030"]
[PlyCount "55"]
[EventDate "1992.10.25"]

1. e4 c5 2. c3 e5 3. Nf3 Nc6 4. Bb5 Nf6 5. Bxc6 bxc6 6. Nxe5 Qe7 7. d4 cxd4 8.
cxd4 d6 9. Qc2 c5 10. Qa4+ Nd7 11. Nc6 Qxe4+ 12. Kd1 Qd3+ 13. Nd2 Nb6 14. Re1+
Be6 15. Qa5 Kd7 16. Re3 Bg4+ 17. Ke1 Qc2 18. Nf3 Bxf3 19. Rxf3 Kxc6 20. Rb3 Be7
21. Qb5+ Kb7 22. Qd7+ Kb8 23. Qxe7 Kc8 24. dxc5 Qxc5 25. Rc3 Nc4 26. b3 Qa5 27.
Bd2 d5 28. Rxc4+ 1-0

[Event "Okemos Micro-Swiss (October)"]
[Site "Okemos, Mich."]
[Date "1992.10.25"]
[Round "1"]
[White "June, Brian"]
[Black "Moody, David"]
[Result "0-1"]
[WhiteElo "1884"]
[BlackElo "2013"]
[PlyCount "92"]
[EventDate "1992.10.25"]

1. d4 Nf6 2. Nf3 e6 3. Bf4 Bd6 4. Ne5 b6 5. Nd2 Bb7 6. f3 Nd5 7. e3 f6 8. Nd3
Bxf4 9. exf4 Ne3 10. Qc1 O-O 11. Ne4 Nxf1 12. Rxf1 Nc6 13. c3 e5 14. fxe5 fxe5
15. d5 Ba6 16. Qd2 Ne7 17. d6 cxd6 18. Nxd6 Qc7 19. Ne4 d5 20. Nef2 e4 21. fxe4
dxe4 22. Nxe4 Rxf1+ 23. Kxf1 Qxh2 24. Re1 Qh1+ 25. Ke2 Qxg2+ 26. Kd1 Qf3+ 27.
Kc2 Rd8 28. Nef2 Ng6 29. Qe3 Qf5 30. Qe6+ Qxe6 31. Rxe6 Bxd3+ 32. Nxd3 Rxd3 33.
Rxg6 Rxc3+ 34. Kxc3 hxg6 35. b4 g5 36. Kd4 Kf7 37. Ke5 g6 38. Ke4 Ke6 39. a3 g4
40. Kf4 Kd5 41. Kxg4 Kc4 42. Kg5 Kb3 43. Kxg6 Kxa3 44. Kf5 Kxb4 45. Ke4 Kc3 46.
Ke3 a5 0-1

[Event "Currish Curmudgeon Open"]
[Site "Middlebury, Ind."]
[Date "1992.11.28"]
[Round "4"]
[White "Moody, David"]
[Black "Miller, Ernest"]
[Result "1-0"]
[WhiteElo "2013"]
[BlackElo "1881"]
[PlyCount "57"]
[EventDate "1992.11.28"]

1. e4 e6 2. d4 d5 3. Nc3 dxe4 4. Nxe4 Nd7 5. Bd3 Ngf6 6. Nxf6+ Nxf6 7. Bg5 Be7
8. Nf3 O-O 9. Qe2 h6 10. h4 Ng4 11. Bxe7 Qxe7 12. Ne5 Nxe5 13. dxe5 Bd7 14. Qe4
g6 15. h5 Bc6 16. Qg4 g5 17. O-O-O f5 18. exf6 Rxf6 19. Rhe1 Kg7 20. Re5 Raf8
21. Rde1 Bd7 22. Qe4 Kh8 23. f3 Qg7 24. Qxb7 a5 25. Qxc7 a4 26. Bg6 Rc8 27. Qd6
Rc6 28. Qd3 Qe7 29. Rd1 1-0

[Event "Currish Curmudgeon Open"]
[Site "Middlebury, Ind."]
[Date "1992.11.28"]
[Round "2"]
[White "Moody, David"]
[Black "Fribley, John"]
[Result "1-0"]
[WhiteElo "2013"]
[BlackElo "1577"]
[PlyCount "71"]
[EventDate "1992.11.28"]

1. e4 Nf6 2. Nc3 Nc6 3. d4 e5 4. Nf3 exd4 5. Nxd4 Bb4 6. Nxc6 bxc6 7. Bd3 O-O
8. O-O Bb7 9. Bg5 Be7 10. Qf3 d6 11. Rad1 Bc8 12. e5 Bg4 13. exf6 Bxf3 14. fxe7
Qd7 15. exf8=Q+ Rxf8 16. gxf3 f6 17. Bc4+ Kh8 18. Bh4 Qf5 19. Bd3 Qxf3 20. Rde1
Qg4+ 21. Bg3 h5 22. Re4 Qg5 23. Rfe1 f5 24. h4 Qh6 25. Re6 g6 26. Re7 f4 27.
Bh2 f3 28. Ne4 Rg8 29. Nf6 g5 30. Rh7+ Qxh7 31. Bxh7 Rf8 32. hxg5 h4 33. Bg6
Kg7 34. Bh5 h3 35. Re7+ Kh8 36. Rh7# 1-0

[Event "Currish Curmudgeon Open"]
[Site "Middlebury, Ind."]
[Date "1992.11.28"]
[Round "1"]
[White "Miller, Jon"]
[Black "Moody, David"]
[Result "1/2-1/2"]
[WhiteElo "1423"]
[BlackElo "2013"]
[PlyCount "127"]
[EventDate "1992.11.28"]

1. c4 e5 2. d3 Nf6 3. Nc3 Bc5 4. g3 d6 5. Bg2 Nc6 6. Nf3 Bg4 7. Bg5 h6 8. Bxf6
Qxf6 9. Nd5 Qd8 10. Qb3 Bb6 11. O-O Bxf3 12. exf3 Nd4 13. Qa4+ c6 14. f4 O-O
15. Nxb6 axb6 16. Qd1 exf4 17. Qg4 Qf6 18. a3 f3 19. Bh3 Ra5 20. Rae1 h5 21.
Qh4 Qxh4 22. gxh4 Ne2+ 23. Kh1 Nf4 24. Bd7 Rd8 25. Re8+ Rxe8 26. Bxe8 Re5 27.
Bd7 Nxd3 28. Bc8 Nxf2+ 29. Kg1 Nh3+ 30. Bxh3 Re3 31. Bc8 Rb3 32. Bxb7 b5 33.
Bxc6 bxc4 34. Bd5 Rxb2 35. Bxc4 Rg2+ 36. Kh1 Rg4 37. Bd5 Rd4 38. Bxf3 Rd3 39.
Bxh5 Rxa3 40. Bxf7+ Kh7 41. Rd1 Rf3 42. Bh5 Rf6 43. Be2 Rh6 44. h5 g6 45. hxg6+
Kxg6 46. Rxd6+ Kg7 47. Rxh6 Kxh6 48. Kg2 Kg7 49. Kg3 Kh8 50. h4 Kg7 51. Bd3 Kh8
52. Kg4 Kg7 53. Kg5 Kh8 54. h5 Kg7 55. h6+ Kh8 56. Kf6 Kg8 57. Ke7 Kh8 58. Ke8
Kg8 59. Ke7 Kh8 60. h7 Kg7 61. Bg6 Kh8 62. Ke6 Kg7 63. Kf5 Kh8 64. Kf6 1/2-1/2

[Event "Currish Curmudgeon Open"]
[Site "Middlebury, Ind."]
[Date "1992.11.28"]
[Round "3"]
[White "Bryant, Daniel"]
[Black "Moody, David"]
[Result "0-1"]
[WhiteElo "1774"]
[BlackElo "2013"]
[PlyCount "66"]
[EventDate "1992.11.28"]

1. Nf3 f5 2. d4 Nf6 3. Bg5 e6 4. Bxf6 Qxf6 5. Nbd2 d5 6. Ne5 Nd7 7. f4 Nxe5 8.
dxe5 Qh6 9. g3 Bc5 10. Nb3 Bb6 11. Qd3 c5 12. Nxc5 Bxc5 13. Qb5+ Bd7 14. Qxc5
Rc8 15. Qxa7 Rxc2 16. Qb8+ Bc8 17. e3 Qh5 18. Bd3 Qf3 19. Bxc2 Qxh1+ 20. Kd2
Qxh2+ 21. Kd3 O-O 22. Qc7 Qxg3 23. Ba4 Qf3 24. Bd7 Qe4+ 25. Kd2 Qb4+ 26. Kd3
Qe7 27. Bxe6+ Qxe6 28. Kd4 Qa6 29. b3 Be6 30. Rg1 g6 31. Rh1 Bf7 32. Qe7 Rc8
33. Rxh7 Rc4+ 0-1